Statistics for 2 Songs 1 Band/Artist

Click here to take the quiz!

General Stats

  • This quiz has been taken 25 times
  • The average score is 54 of 135

Answer Stats

HintAnswer% Correct
Stairway To Heaven/Babe I'm Gonna Leave YouLed Zeppelin
95%
Being For the Benefit of Mr. Kite/Blue Jay WayThe Beatles
95%
Squealer/Sink the PinkAC/DC
86%
No Woman, No Cry/Three Little BirdsBob Marley
86%
Space Oddity/Rebel RebelDavid Bowie
86%
Tiny Dancer/Can You Feel the Love TonightElton John
86%
Don't Stop Believin/Only the YoungJourney
86%
Master of Puppets/Disposable HeroesMetallica
86%
Party In the U.S.A./Wrecking BallMiley Cyrus
86%
War Pigs/N.I.B.Black Sabbath
77%
Atomic/Heart of GlassBlondie
77%
Winter/HeavenThe Rolling Stones
77%
Hello/Rolling In the DeepAdele
73%
Born On the Bayou/Fortunate SonCreedence Clearwater Revival
73%
Dreams/Gold Dust WomanFleetwood Mac
73%
The River/I'm Goin DownBruce Springsteen
68%
Rock With You/Stranger In MoscowMichael Jackson
68%
Behind Blue Eyes/TattooThe Who
68%
A Horse With No Name/You Can Do MagicAmerica
64%
I Saved the World Today/Sweet Dreams (Are Made of This)Eurythmics
64%
Man On the Moon/Walk UnafraidREM
64%
Scarborough Fair/April Come She WillSimon & Garfunkel
64%
God Only Knows/Don't Worry BabyThe Beach Boys
64%
Back To Black/You Know I'm No GoodAmy Winehouse
59%
Shelter From the Storm/My Back PagesBob Dylan
59%
Name/IrisGoo Goo Dolls
59%
Scentless Apprentice/DiveNirvana
59%
In the City/Pretty Maids All In a RowThe Eagles
59%
Pearl Necklace/TushZZ Top
59%
I Feel Free/World of PainCream
55%
Love Bites/HysteriaDef Leppard
55%
Grace/AqualungJethro Tull
55%
I Was Made For Lovin You/Sure Know SomethingKiss
55%
Let's Go Dancin (Ohh La La La)/CelebrationKool & the Gang
55%
A Kind of Magic/In the Lap of the GodsQueen
55%
Goodbye Stranger/Breakfast In AmericaSupertramp
55%
Strange Days/Horse LatitudesThe Doors
55%
Long Cool Woman In a Black Dress/The Air That I BreatheThe Hollies
55%
For What It's Worth/Nowadays Clancy Can't Even SingBuffalo Springfield
50%
Telephone Line/Strange MagicElectric Light Orchestra
50%
Last Night On Earth/Macy's Day ParadeGreen Day
50%
Ain't It Fun/Civil WarGuns N Roses
50%
Ball and Chain/Me and Bobby McGeeJanis Joplin
50%
Machine Gun/Are You ExperiencedJimi Hendrix
50%
Love Will Tear Us Apart/DisorderJoy Division
50%
Tennis Court/RoyalsLorde
50%
Safety Dance/Pop Goes the WorldMen Without Hats
50%
Julia Dream/Careful With That Axe EugenePink Floyd
50%
It Don't Come Easy/PhotographRingo Starr
50%
No Fun/Pretty VacantThe Sex Pistols
50%
Uncle Salty/SunshineAerosmith
45%
The End of Innocence/The Boys of SummerDon Henley
45%
Old Man/See the Sky About To RainNeil Young
45%
Jigsaw Falling Into Place/Kid ARadiohead
45%
Rockaway Beach/Howling At the Moon (Sha-La-La)The Ramones
45%
Tuesday's Gone/I Never DreamedLynyrd Skynyrd
41%
Countdown To Extinction/TrustMegadeth
41%
Madness/Supermassive BlackholeMuse
41%
Indifference/BlackPearl Jam
41%
We Found Love/Drunk On LoveRihanna
41%
Fields of Gold/Why Should I Cry For YouSting
41%
You Get Me High/American GirlTom Petty
41%
My Fault/Drug BalladEminem
36%
Helena Beat/Pumped Up KicksFoster the People
36%
Never Tear Us Apart/Dancing On the JettyINXS
36%
Love/Watching the WheelsJohn Lennon
36%
Stay Clean/No ClassMotorhead
36%
She's Electric/D'You Know What I MeanOasis
36%
Warm Tape/I Could Have LiedRed Hot Chili Peppers
36%
4th of July/Searching With My Good Eye ClosedSoundgarden
36%
Talking In Your Sleep/What I Like About YouThe Romantics
36%
Born Slippy/The American Metaphysical Circus (2 Different Songs From 2 Different Bands That Begin With the Same Two Letters... What Two Letters Do the Groups Begin With?)Un
36%
Whale & Wasp/God AmAlice In Chains
32%
Magic/PolitikColdplay
32%
Child In Time/Anyone's DaughterDeep Purple
32%
I Still Miss Someone/Home of the BluesJohnny Cash
32%
Wild Side/Dancing On GlassMotley Crue
32%
Fireflies/Good TimeOwl City
32%
Let Me Roll It/Front ParlourPaul McCartney
32%
Midnight Rambler/Whipping PostThe Allman Brothers Band
32%
Living On a Thin Line/StrangersThe Kinks
32%
Venus In Furs/Sunday MorningThe Velvet Underground
32%
Dance the Night Away/Summer NightsVan Halen
32%
Medusa/MadhouseAnthrax
27%
Juicy/HypnotizeBiggie
27%
Police Truck/California Uber AllesDead Kennedys
27%
Please Be With Me/Let It GrowEric Clapton
27%
A320/Enough SpaceFoo Fighters
27%
I Live For You/Stuck Inside a CloudGeorge Harrison
27%
Afraid To Shoot Strangers/Still LifeIron Maiden
27%
Copy of a/Came Back HauntedNine Inch Nails
27%
Diary of a Madman/Lay Your World On MeOzzy Osbourne
27%
Badfish/SanteriaSublime
27%
Hooker With a Penis/Prison SexTool
27%
Fly/Wild HoneyU2
27%
No Rain/SkinnedBlind Melon
23%
Lucky Man/I Believe In Father ChristmasEmerson, Lake & Palmer
23%
Dreamer Deceiver/SinnerJudas Priest
23%
Bird of the Wire/Everybody KnowsLeonard Cohen
23%
If It Ain't Ruff/Express YourselfNWA
23%
Strength Beyond Strength/The Great Southern TrendkillPantera
23%
La Villa Strangiato/WreckersRush
23%
Lucky Man/Weeping WillowThe Verve
23%
Brenda's Got a Baby/Krazy2pac
18%
Astronomy/I Love the NightBlue Oyster Cult
18%
A 4 Hint Special: Something/Bar-B-Q Pope/The Revenge of Anus Presley/Sweet LoafButthole Surfers
18%
Dirty Magic/Gotta Get AwayOffspring
18%
Pure Morning/Special NeedsPlacebo
18%
Eye/Violet RaysSmashing Pumpkins
18%
Motorway To Roswell/Bird Dream of the Olympus MonsThe Pixies
18%
Hands Clean/All I Really WantAlanis Morissette
14%
Ghetto Cowboy/Thuggish Ruggish BoneBone Thugs N Harmony
14%
Wasted On the Way/Carry OnCrosby, Stills, Nash
14%
Don't Play Cards With Satan/True Love Will Find You In the EndDaniel Johnston
14%
Satellite/Some DevilDave Matthews
14%
Catch the Wind/There Is an OceanDonovan
14%
Version/InstrumentFugazi
14%
Embryonic Journey/Watch Her RideJefferson Airplane
14%
Washing Machine/JCSonic Youth
14%
Only In Dreams/PigWeezer
14%
Tonight Is a Wonderful Time To Fall In Love/Cum Hear the BandApril Wine
9%
Let It Be/Fortune SoulBlackmill
9%
Stoned/Sand In My ShoesDido
9%
Creep N Crawl/Sorry LouieEazy-E
9%
Wolf/Hard SunEddie Vedder
9%
My Summer Vacation/You Know How We Do ItIce Cube
9%
Barricades In Heaven/Before the DelugeJackson Browne
9%
Woke Up This Morning/Morning DewNazareth
9%
Thief/NaveedOur Lady Peace
9%
I Love You/SilenceSarah McLachlan
9%
Njosnavelin/Svefn-G-EnglarSigur Ros
9%
Bach Is Dead/Santa DogThe Residents
9%
40 Mark Strasse/It's Only LifeThe Shins
9%
Apache/Walk Don't RunThe Ventures
9%
Catch Hell Blues/Little AcornsThe White Stripes
9%

Score Distribution

Percentile by Number Answered

Percent of People with Each Score

Your Score History

You have not taken this quiz